<?xml version="1.0" encoding="UTF-8"?>
<record
    xmlns:xsi="http://www.w3.org/2001/XMLSchema-instance"
    xsi:schemaLocation="http://www.loc.gov/MARC21/slim http://www.loc.gov/standards/marcxml/schema/MARC21slim.xsd"
    xmlns="http://www.loc.gov/MARC21/slim">

  <leader>00887nab a2200241 uc4500</leader>
  <controlfield tag="001">792731</controlfield>
  <controlfield tag="005">20240201185405.0</controlfield>
  <controlfield tag="008">030121s2001                        spa  </controlfield>
  <datafield tag="035" ind1=" " ind2=" ">
    <subfield code="a">792731</subfield>
  </datafield>
  <datafield tag="035" ind1=" " ind2=" ">
    <subfield code="a">(OCoLC)820005572</subfield>
  </datafield>
  <datafield tag="040" ind1=" " ind2=" ">
    <subfield code="c">comduadb</subfield>
  </datafield>
  <datafield tag="041" ind1=" " ind2=" ">
    <subfield code="a">spa</subfield>
  </datafield>
  <datafield tag="100" ind1="1" ind2="0">
    <subfield code="a">Brito M, Freddy C.</subfield>
    <subfield code="4">aut</subfield>
    <subfield code="e">aut</subfield>
    <subfield code="9">534388</subfield>
  </datafield>
  <datafield tag="245" ind1="1" ind2="0">
    <subfield code="a">Tecnica variacional aplicada al estudio de discontinuidades en lineas de transmision triplaca</subfield>
  </datafield>
  <datafield tag="650" ind1=" " ind2=" ">
    <subfield code="a">Expansiones asintoticas</subfield>
    <subfield code="9">61829</subfield>
  </datafield>
  <datafield tag="650" ind1=" " ind2="7">
    <subfield code="a">Series (Matem&#xE1;ticas)</subfield>
    <subfield code="2">lemb</subfield>
    <subfield code="9">42973</subfield>
  </datafield>
  <datafield tag="650" ind1=" " ind2=" ">
    <subfield code="a">M&#xE9;todo variacional</subfield>
    <subfield code="9">33596</subfield>
  </datafield>
  <datafield tag="650" ind1=" " ind2=" ">
    <subfield code="a">L&#xED;neas de transmisi&#xF3;n</subfield>
    <subfield code="9">23186</subfield>
  </datafield>
  <datafield tag="650" ind1=" " ind2=" ">
    <subfield code="a">Microondas - Teor&#xED;a</subfield>
    <subfield code="9">3630</subfield>
  </datafield>
  <datafield tag="650" ind1=" " ind2=" ">
    <subfield code="a">Espacios m&#xE9;tricos</subfield>
    <subfield code="9">40037</subfield>
  </datafield>
  <datafield tag="773" ind1="0" ind2=" ">
    <subfield code="t">Revista T&#xE9;cnica de la Facultad de Ingenier&#xED;a Universidad del Zulia (Maracaibo)</subfield>
    <subfield code="g">Vol. 24, No. 02, Ago. 2001, p. 138-146</subfield>
    <subfield code="w">100816</subfield>
    <subfield code="x">0254-0770</subfield>
    <subfield code="0">89895</subfield>
  </datafield>
  <datafield tag="942" ind1=" " ind2=" ">
    <subfield code="c">ARIMP</subfield>
  </datafield>
  <datafield tag="999" ind1=" " ind2=" ">
    <subfield code="c">280440</subfield>
    <subfield code="d">280440</subfield>
  </datafield>
</record>
